Регионална библиотека "Любен Каравелов" - Русе

Революционное движение в России после свержения самодержавия (Запис номер 395774)

MARC детайли
000 -Лидер
Контролно поле с фиксирана дължина nam a22 a 4500
003 - Код на организацията, давaща контролен номер
Контролно поле BLK
005 - Дата и час на последна редакция
Контролно поле 20210126105006.0
008 - Елементи от данни с фиксирана дължина
fixed length control field 180408b bul|||||r ||||||| ||bul||
010 ## - Наследен системен номер
LC control number KNG00062231000
040 ## - Източник на каталожния запис
Идентификатор на билиотеката - собственик на записа BLK
041 ## - Код за език
Код за езика на текст/звукозапис или на отделно заглавие Руски
Код за езика КДБФ Руски
080 ## - УДК
Текстов определител УДК История на Русия и СССР. Вж и 936 ; 957
УДК код - определител по УДК 94(470)
УДК - код + определител 94(470)
139 ## - Редно поле
9 (RLIN) Революционное движение в России после свержения самодержавия
245 10 - Сведения за заглавието
Заглавие Революционное движение в России после свержения самодержавия
Редно поле (дума) Под ред. Л. С. Гапоненко (отв. ред.) [и др.]
257 ## - Страна на издаване
Страна на създаване/издаване Русия
260 ## - Област на издателските данни
Име на издателя, разпространителя и проч. Изд-во Акад. наук СССР
Година на издаване 1957
9 (RLIN) 438204
Място на издаване, разпространение и проч. Москва
300 ## - Физическа характеристика
Размери/Мащаб 26 см
Страници XXIV, 857 с.
380 ## - Жанр
Жанр История
490 ## - СЕРИИ (Колекции)
9 (RLIN) 439429
Име на серия Великая Октябрьская социалистическая революция. Документы и материалы
500 ## - Общи забележки
Забележка На гърба на загл. с. сост.: В. Е. Полетаев, Н. С. Архангородская, Н. И. Афанасьев и др.
650 #7 - Допълнително описание по предмет – тема
9 (RLIN) 150475
Основно описание – тема или топоним Великата октомврийска социалистическа революция
653 #7 - Ключова дума – ненормативна
9 (RLIN) 185390
Ключова дума документи
700 ## - Други автори (авторска отговорност)
9 (RLIN) 439436
Лично име Гапоненко, Лука Степанович
Автороска отговорност (Описва отношението между автора и произведението) ред.
700 ## - Други автори (авторска отговорност)
9 (RLIN) 439435
Лично име Полетаев, Владимир Евгеньевич
Автороска отговорност (Описва отношението между автора и произведението) состав.
852 ## - Местоположение
Форматна сигнатура Цб II 1487
Фондова буква Хранилище
999 ## - СИСТЕМНИ КОНТРОЛНИ НОМЕРА
Koha biblionumber 395774
Koha biblioitemnumber 395774
942 ## - АРТИКУЛИ
Вид на библиотечния материал Книги
Скрит в OPAC Не
Периодичен библиозапис Да
944 ## - СЪЗДАВАНЕ И РЕДАКЦИЯ на ЗАПИСА
Създаване/Редакция Създаване
Дата на регистрацията/редакция 2021-01-26
Служител, извършил регистрацията/редакцията Ренета Константинова
999 ## - СИСТЕМНИ КОНТРОЛНИ НОМЕРА
Koha biblioitemnumber 395771
Наличности
Код за отписване Код за изгубен артикул Източник на класификационната схема Код за повреда Коз за рестрикции Код за отдаване Артикулен № Име на библиотеката - собственик Име на библиотеката, в която се намира в момента Статус (Текущо местоположение) Дата на вписване в системата Местоположение - отдел Цена в лева Инвентарен номер Систематично азбучна сигнатура Баркод Цена в евро Служебен тип на артикула
  Не е изгубен Universal Decimal Classification Не е повреден само за читалня ползва се в читалня 809353 Регионална библиотека "Любен Каравелов" Русе Регионална библиотека "Любен Каравелов" Русе Хранилище 2021-01-27 Основен фонд - ползва се само за читалня 2.62 3191/60 Цб II 1487 900000047852 1.34 Книги
Vip Innovations Ltd, Rousse, Bulgaria 2025